000 00701nam a2200217Ia 4500
001 16632
003 GE_BSU
008 181216s||||||||xx |||||||||||||| ||und||
040 _cGE_BSU
080 _a82-93:821.353.1-32
100 _aმერაბიშვილი, ე. (ელგუჯა)
245 _aმამის სახსოვარი
245 _cრედ.ნ.ლორთქიფანიძე. მხ.მ.აბაშიძე
260 _aთბილისი
260 _bნაკადული
260 _c1988
300 _a237 გვ. ; 20 სმ
653 _aმამის სახსოვარი
653 _aმოთხრობა
942 _cBK
999 _c49698
_d49698